| 000 | 00385cam a2200157ua 4500 | ||
|---|---|---|---|
| 020 | _cRs.5/- | ||
| 041 |
_aeng _h |
||
| 082 |
_a371.102 _bSTI/PR |
||
| 100 | _aStinnet, T.M . | ||
| 245 |
_aProfession at teaching / _cStinnet.. _hTextual Documents |
||
| 260 |
_aIndia : _bPrentice hall , _c1965. |
||
| 300 | _a118 ; . | ||
| 365 | _aRs.5/- | ||
| 504 | _a | ||
| 999 |
_c11626 _d11626 |
||